| 000 | 00446cam a2200181ua 4500 | ||
|---|---|---|---|
| 020 | _cRs 8.00 | ||
| 041 |
_ahin _h |
||
| 082 |
_a891.54 _bDOS/MA |
||
| 100 | _aDostoveski, Fyodor . | ||
| 245 |
_aMahamurkh / _cFyodor Dostoveski. _hTextual Documents |
||
| 250 |
_a1 / _b. |
||
| 260 |
_aNew Delhi : _bNational Publishing House , _c1956. |
||
| 300 | _a587 ; . | ||
| 365 | _aRs 8.00 | ||
| 504 | _a | ||
| 942 | _cBK | ||
| 999 |
_c3603 _d3603 |
||